Snatak mahalar granthagar aru tathya bijnan/ (Record no. 11092)
[ view plain ]
| 000 -LEADER | |
|---|---|
| fixed length control field | 00531nam a22001937a 4500 |
| 005 - DATE AND TIME OF LATEST TRANSACTION | |
| control field | 20260515114855.0 |
| 008 - FIXED-LENGTH DATA ELEMENTS--GENERAL INFORMATION | |
| fixed length control field | 201205b ||||| |||| 00| 0 eng d |
| 020 ## - INTERNATIONAL STANDARD BOOK NUMBER | |
| International Standard Book Number | 9789390434428 |
| 040 ## - CATALOGING SOURCE | |
| Original cataloging agency | IN-DiNC |
| Transcribing agency | IN-DiNC |
| 041 ## - LANGUAGE CODE | |
| Language code of sung or spoken text | asm |
| 082 ## - DEWEY DECIMAL CLASSIFICATION NUMBER | |
| Classification number | 020 |
| Item number | ROH |
| 100 ## - MAIN ENTRY--PERSONAL NAME | |
| Personal name | Rohman, Wakidur |
| Relator term | author |
| 245 ## - TITLE STATEMENT | |
| Title | Snatak mahalar granthagar aru tathya bijnan/ |
| Statement of responsibility, etc. | by Wakidur Rohman |
| 250 ## - EDITION STATEMENT | |
| Edition statement | 1st ed. |
| 260 ## - PUBLICATION, DISTRIBUTION, ETC. | |
| Place of publication, distribution, etc. | Guwahati |
| Name of publisher, distributor, etc. | EBH publishers, |
| Date of publication, distribution, etc. | 2021 |
| 300 ## - PHYSICAL DESCRIPTION | |
| Extent | 189p. |
| 650 ## - SUBJECT ADDED ENTRY--TOPICAL TERM | |
| Topical term or geographic name entry element | Library and information science |
| 942 ## - ADDED ENTRY ELEMENTS (KOHA) | |
| Source of classification or shelving scheme | Dewey Decimal Classification |
| Koha item type | Books |
| Withdrawn status | Lost status | Source of classification or shelving scheme | Damaged status | Not for loan | Home library | Current library | Shelving location | Date acquired | Cost, normal purchase price | Total checkouts | Full call number | Barcode | Date last seen | Date last checked out | Copy number | Price effective from | Koha item type |
|---|---|---|---|---|---|---|---|---|---|---|---|---|---|---|---|---|---|
| Dewey Decimal Classification | Naharkatiya College Library | Naharkatiya College Library | General stacks | 12/05/2020 | 275.00 | 10 | 020 ROH | 28570 | 10/25/2021 | 10/06/2021 | 1 | 12/05/2020 | Books | ||||
| Dewey Decimal Classification | Naharkatiya College Library | Naharkatiya College Library | General stacks | 12/05/2020 | 275.00 | 12 | 020 ROH | 28571 | 10/23/2021 | 10/06/2021 | 2 | 12/05/2020 | Books | ||||
| Dewey Decimal Classification | Naharkatiya College Library | Naharkatiya College Library | General stacks | 12/05/2020 | 275.00 | 11 | 020 ROH | 28572 | 09/25/2021 | 09/06/2021 | 3 | 12/05/2020 | Books | ||||
| Dewey Decimal Classification | Naharkatiya College Library | Naharkatiya College Library | General stacks | 12/05/2020 | 275.00 | 10 | 020 ROH | 28573 | 09/06/2021 | 08/21/2021 | 4 | 12/05/2020 | Books | ||||
| Dewey Decimal Classification | Naharkatiya College Library | Naharkatiya College Library | General stacks | 12/05/2020 | 275.00 | 6 | 020 ROH | 28574 | 09/06/2021 | 03/15/2021 | 5 | 12/05/2020 | Books |